Statistics for Every College/University in Michigan

Click here to take the quiz!

General Stats

  • This quiz has been taken 52 times
  • The average score is 21 of 59

Answer Stats

LocationAnswer% Correct
East LansingMichigan State University
98%
Ann ArborUniversity of Michigan
93%
Mount PleasantCentral Michigan University
89%
YpsilantiEastern Michigan University
82%
KalamazooWestern Michigan University
82%
AlbionAlbion College
75%
AlmaAlma College
75%
AllendaleGrand Valley State University
73%
MarquetteNorthern Michigan University
73%
AdrianAdrian College
70%
HoughtonMichigan Technological University
70%
Rochester HillsOakland University
70%
KalamazooKalamazoo College
66%
DetroitWayne State University
66%
DetroitUniversity of Detroit Mercy
61%
HillsdaleHillsdale College
57%
Big RapidsFerris State University
55%
HollandHope College
55%
Sault Ste. MarieLake Superior State University
52%
OlivetOlivet College
52%
University CenterSaginaw Valley State University
52%
Spring ArborSpring Arbor University
43%
Grand RapidsDavenport University
36%
JacksonJackson College
36%
Grand RapidsCalvin College
34%
Ann ArborConcordia University
32%
Rochester HillsRochester College
32%
Grand RapidsAquinas College
30%
FlintKettering University
30%
SouthfieldLawrence Technological University
30%
LivoniaMadonna University
30%
FlintBaker College
25%
Grand RapidsCornerstone University
20%
HancockFinlandia University
20%
DearbornHenry Ford College
20%
AdrianSiena Heights University
20%
Berrien SpringsAndrews University
18%
Benton HarborLake Michigan College
18%
Traverse CityNorthwestern Michigan College
18%
MidlandNorthwood University
18%
LivoniaSchoolcraft College
18%
LansingGreat Lakes Christian College
16%
HowellCleary University
14%
DowagiacSouthwestern Michigan College
14%
Bloomfield HillsCranbrook Academy of Art
11%
University CenterDelta College
11%
TroyWalsh College
9%
DetroitMarygrove College
7%
PetoskeyNorth Central Michigan College
7%
DetroitCollege for Creative Studies
5%
WyomingGrace Christian University
5%
Grand RapidsKuyper College
5%
DetroitSacred Heart Major Seminary
5%
Mount PleasantSaginaw Chippewa Tribal College
5%
HollandWestern Theological Seminary
2%
Oak ParkYeshiva Gedolah of Greater Detroit
2%
DetroitEcumenical Theological Seminary
0%
Farmington HillsMichigan School of Professional Psychology
0%
NoviThe Art Institute of Michigan
0%

Score Distribution

Percentile by Number Answered

Percent of People with Each Score

Your Score History

You have not taken this quiz